Star Wars, épisode I - La Menace fantôme - Statistiques

Statistiques générales
  • Ce quiz a été pris 61 fois
  • Le résultat moyen est 7 sur 17
Statistiques - réponses
Questions Réponses % Correct
Quel titre politique détient Sheev Palpatine avant de devenir Chancelier Suprême de la République Galactique ? Sénateur de Naboo
93%
Sur quelle planète se trouve le Sénat Galactique ainsi que le Temple Jedi ? Coruscant
83%
À qui Qui-Gon Jinn dit-il la phrase suivante "Ce n'est pas parce que tu parles que tu es intelligent" ? Jar Jar Binks
67%
Avant Palpatine, qui était le Chancelier Suprême de la République Galactique ? Finis Valorum
64%
Quelle organisation est à l'origine du blocus de la planète Naboo ? La Fédération du Commerce
62%
Quels organismes présents dans les cellules sanguines permettent de mesurer la sensibilité d’une personne à la Force ? Midichloriens
60%
Quel maître Jedi, siégeant au Conseil, est de la même espèce que Yoda ? Yaddle
52%
Quel pièce du vaisseau royal de la reine Amidala est endommagé, forçant l'équipage à réparer le vaisseau sur la planète Tatooine ? Hyperdrive
43%
Quel est le nom du marchand Toydarien propriétaire d'Anakin et de Shmi Skywalker ? Watto
43%
De quelle ville de Tatooine est originaire Anakin ? Mos Espa
33%
Quel capitaine est le chef de la garde royale de Naboo ? Capitaine Panaka
31%
Quel est le nom de la course de modules à laquelle Anakin participe ? La course de la Boonta (Boonta Eve Classic)
24%
Quelle est l'espèce de Dark Maul ? Zabrak
17%
Quelle suivante de Padmé est également sa doublure pour assurer sa protection personnelle ? Sabé
14%
Dans quelle ville de Naboo se déroule le duel final opposant Qui-Gon Jinn et Obi-Wan à Dark Maul ? Theed
12%
Quelle arme traditionnelle les Gungans utilisent-ils pour repousser les droïdes lors de la bataille de Naboo ? Orbes d'énergie / Boomas
7%
Comment s'appelle le meilleur ami humain d'enfance d'Anakin ? Kitster
5%
Aucun quiz correspondant
Distribution des résultats
% des personnes avec chaque résultat
Percentile par nombre de réponses
Votre historique - résultats
Vous n’avez pas pris ce quiz